000 00580cam a2200229 4500
001 D3106
008 090401t1983 xxu||||| |||| 00| 0 eng d
020 _a0442262027
035 _a(Sirsi) u71861
041 _aeng
050 _a658.1552
100 _aDell'isola, J. Alphonse
245 _aValue engineering in the construction industry
250 _a3rd
260 _aNew York
_bVan Nostrand Reinhold Co
_c1983
300 _axiv. 364p. 28cm
350 _a33.45
650 _aCONSTRUCTION INDUSTRY
650 _aVALUE ENGINEERING
942 _n0
948 _c04/03/1997
999 _c95450
_d95450